|
|
|
|
| LEADER |
00904nam a2200241 a 4500 |
| 001 |
2006101 |
| 008 |
100126r19891985enk db 000 0 eng d |
| 010 |
|
|
|a 90183559
|
| 020 |
|
|
|a 0415040817
|
| 040 |
|
|
|a DLC
|c DLC
|d DB-DhAAL
|
| 082 |
0 |
0 |
|a 300/.3
|2 20
|
| 245 |
0 |
4 |
|a The Social science encyclopedia /
|c edited by Adam Kuper and Jessica Kuper.
|
| 250 |
|
|
|a Rev. and repr.
|
| 260 |
|
|
|a London ;
|a New York :
|b Routledge,
|c 1989.
|
| 300 |
|
|
|a xxviii, 916 p. ;
|c 21 cm.
|
| 504 |
|
|
|a Includes bibliographical references.
|
| 541 |
1 |
|
|e 00004173
|
| 650 |
|
0 |
|a Social sciences
|x Dictionaries.
|
| 700 |
1 |
|
|a Kuper, Adam.
|
| 700 |
1 |
|
|a Kuper, Jessica.
|
| 852 |
4 |
|
|a Ayesha Abed Library
|j General Shelf.
|
| 999 |
|
|
|c 7205
|d 7205
|
| 952 |
|
|
|0 0
|1 0
|2 ddc
|4 0
|6 300_300000000000000_SOC_1989
|7 0
|9 7497
|a BRACUL
|b BRACUL
|c GEN
|d 2010-01-26
|g 0.00
|l 1
|m 3
|o 300.3 SOC
|p 3010004173
|r 2016-04-04
|s 2016-03-07
|t 1
|w 2010-01-26
|y BK
|z Not price in Register
|